A Compendium of Logistic Support to External Trade Policies in the Rubber Sector (Record no. 45060)

MARC details
000 -LEADER
fixed length control field 00444nam a2200145Ia 4500
100 ## - MAIN ENTRY--AUTHOR NAME
Personal name K. Tharian George
245 #2 - TITLE STATEMENT
Title A Compendium of Logistic Support to External Trade Policies in the Rubber Sector
260 ## - PUBLICATION, DISTRIBUTION, ETC. (IMPRINT)
Name of publisher Rubber Research Institute of India
Place of publication Kottayam
Year of publication 2005
700 ## - ADDED ENTRY--PERSONAL NAME
Personal name Binny Chandy
700 ## - ADDED ENTRY--PERSONAL NAME
Personal name Joby Joseph
700 ## - ADDED ENTRY--PERSONAL NAME
Personal name P. K. Viswanathan
700 ## - ADDED ENTRY--PERSONAL NAME
Personal name Toms Joseph
942 ## - ADDED ENTRY ELEMENTS (KOHA)
Koha item type Publications
Holdings
Withdrawn status Lost status Damaged status Not for loan Collection code Home library Current library Date acquired Serial Enumeration / chronology Accession Number Koha item type
      Publications Mimeographs RRII Library RRII Library 31/12/2021 Volume 1 BK 27A Publications